<?xml version="1.0" encoding="UTF-8"?>
<marc:record xmlns:marc="http://www.loc.gov/MARC21/slim">
   <marc:leader>00000nam a2200000 a 4500</marc:leader>
   <marc:datafield ind1="1" ind2=" " tag="100">
      <marc:subfield code="a">Geißler, Lutz</marc:subfield>
      <marc:subfield code="4">aut</marc:subfield>
      <marc:subfield code="e">Verfasser/-in</marc:subfield>
   </marc:datafield>
   <marc:datafield ind1=" " ind2=" " tag="653">
      <marc:subfield code="a">Selbermachen</marc:subfield>
   </marc:datafield>
   <marc:datafield ind1=" " ind2=" " tag="653">
      <marc:subfield code="a">Softcover / Ratgeber/Essen</marc:subfield>
   </marc:datafield>
   <marc:datafield ind1=" " ind2=" " tag="653">
      <marc:subfield code="a">Trinken/Backen</marc:subfield>
   </marc:datafield>
   <marc:datafield ind1=" " ind2=" " tag="653">
      <marc:subfield code="a">Kochbuch</marc:subfield>
   </marc:datafield>
   <marc:datafield ind1="0" ind2="0" tag="245">
      <marc:subfield code="a">Brotbackbuch</marc:subfield>
   </marc:datafield>
   <marc:datafield ind1="0" ind2="0" tag="245">
      <marc:subfield code="c">Lutz Geißler, Björn Hollensteiner</marc:subfield>
   </marc:datafield>
   <marc:datafield ind1=" " ind2="1" tag="264">
      <marc:subfield code="a">Stuttgart (Hohenheim)</marc:subfield>
      <marc:subfield code="b">Ulmer</marc:subfield>
      <marc:subfield code="c">2013</marc:subfield>
   </marc:datafield>
   <marc:datafield ind1="1" ind2=" " tag="520">
      <marc:subfield code="a">Angaben aus der Verlagsmeldung

Das Brotbackbuch : Grundlagen und Rezepte für ursprüngliches Brot / von Lutz Geißler

Traditionelle Brotbackkunst
- Deutschlands erfolgreichster Brot-Blogger verrät das Geheimnis seiner Brotbackkunst
- Über 40 Rezepte für unverfälschtes Aroma und hohe Qualität
- Mit allen Grundlageninfos und Hintergründen zu Brot und Teig
Uriges Landbrot, saftiges Kartoffelbrot, knusprige Buttermilchkruste – backen Sie sich hocharomatische Brote und Brötchen doch einfach selbst. In diesem Buch finden Sie nicht nur über 40 ausgewogene und alltagstaugliche Rezepte, sondern auch umfangreiche Tipps und Hintergründe – vom Teigkneten bis zum fertigen Brot. Das Basiswissen weiht Sie ein in die Geheimnisse traditioneller Brotbackkunst mit langer Teigführung und sehr wenig Hefe. Die Rezeptbeschreibungen sind ausführlich, praxisorientiert und leicht nachzubacken.
</marc:subfield>
   </marc:datafield>
   <marc:datafield ind1=" " ind2=" " tag="020">
      <marc:subfield code="a">9783800179572</marc:subfield>
      <marc:subfield code="9">9783800179572</marc:subfield>
   </marc:datafield>
   <marc:datafield ind1=" " ind2=" " tag="020">
      <marc:subfield code="a">3800179571</marc:subfield>
      <marc:subfield code="9">3800179571</marc:subfield>
   </marc:datafield>
   <marc:datafield ind1=" " ind2=" " tag="041">
      <marc:subfield code="a">ger</marc:subfield>
   </marc:datafield>
   <marc:datafield ind1=" " ind2=" " tag="300">
      <marc:subfield code="a">270 S.</marc:subfield>
   </marc:datafield>
</marc:record>
